000 01090nam a2200217Ia 4500
999 _c50986
_d50986
001 17943
003 GE_BSU
005 20200302105039.0
008 181216s2002 xx |||||||||||||| || ||
020 _a99407041-X
040 _cGE_BSU
041 _ageo
080 _a811.353'44 კ-33
100 _aკაშია, ჯანრი.
_91578
245 _aენა, საზრისი, ყოფიერება ქართველურ ენათა ტოპოლოგია :
_bმეტათეორიული მიდმოგონებანი /
_cჯანრი კაშია ; გამომც. მაია მაჭავარიანი.
264 _aთბილისი :
_bპარიზი-თბილისი,
_c2002
300 _a318გვ. ;
_c20 სმ.
653 _aენა, საზრისი, ყოფიერება... ქართველურ ენათა ტოპოლოგია
700 _aმაჭავარიანი, მაია
_eგამომცემელი
_97215
942 _cBK
_2udc